| 000 | 00816nam a2200265 a 4500 | ||
|---|---|---|---|
| 008 | 040310s1981 xo zyg 0 und c | ||
| 020 |
_a8088737362 _c12,50 |
||
| 040 |
_aSNK _bslo _cSNK _eAACR2 |
||
| 044 |
_axo _cSK |
||
| 072 | 7 |
_a787 _2SNK |
|
| 080 | _a78.087.5 | ||
| 080 | _a787.1 | ||
| 084 |
_a1.1.1 _2SNK |
||
| 100 | 1 |
_aKořínek, Viliam _4cmp |
|
| 245 | 1 | 0 |
_aMelodické etudy pre husle _hhudobnina _bv prvej polohe k stupniciam C dur - H dur / F dur - Ges dur _cViliam Kořínek |
| 246 | 1 | 0 | _aTuneful Studies for Violin |
| 246 | 1 | 0 | _aMelodische Etüden für Violine |
| 250 | _a[1. vyd.] | ||
| 260 |
_aBratislava _bOpus _c1981 |
||
| 300 |
_a1 partitúra (49 s.) _c31 cm |
||
| 650 | 0 | 7 |
_aetudy (husle) _2SNK |
| 650 | 0 | 7 |
_aHudba pre strunové a sláčikové nástroje _2SNK |
| 924 | _ahusle | ||
| 958 | _aHHU | ||
| 999 |
_c15235 _d15235 |
||